Tax Systems and Taxation in the International Context

Guardado en:
Detalles Bibliográficos
Autor principal: Simonidesová, Jana, 1968-
Otros Autores: Feranecová, Adela, 1986-, Dudáš-Pajerská, Erika, 1988-, Vilamová, Šárka, Csikósová, Adriana
Formato: Libro
Lenguaje:inglés
Publicado: Ostrava Vysoká škola báňská - Technická univerzita Ostrava 2018
Edición:1st Edition
Materias:
Etiquetas: Agregar Etiqueta
Sin Etiquetas, Sea el primero en etiquetar este registro!

MARC

LEADER 00000nam a2200000 4500
001 0246315
005 20240502083657.2
020 |a 978-80-248-4198-4 
041 0 |a eng 
044 |a CZ 
245 1 0 |a Tax Systems and Taxation in the International Context  |c Jana Simonidesová, Adela Feranecová, Erika Dudáš-Pajerská ; Reviewers: Šárka Vilamová, Adriana Csikósová 
250 |a 1st Edition 
264 1 |a Ostrava  |b Vysoká škola báňská - Technická univerzita Ostrava  |c 2018 
300 |a 216 s. [11,06 AH] 
610 2 0 |a dane 
610 2 0 |a zdaňovanie medzinárodné 
610 2 0 |a politika daňová 
610 2 0 |a zdanenie dvojité 
610 2 0 |a OECD 
610 2 0 |a harmonizácia 
610 2 0 |a dane priame 
610 2 0 |a dane nepriame 
610 2 0 |a spolupráca medzinárodná 
610 2 0 |a stimuly 
610 2 0 |a oceňovanie 
610 2 0 |a obchod elektronický 
610 2 0 |a dane ekologické 
610 2 0 |a systémy daňové 
610 2 0 |a Európska únia 
610 2 0 |a Slovensko 
610 2 0 |a USA 
100 1 |a Simonidesová, Jana, 1968- 
700 1 |a Feranecová, Adela, 1986- 
700 1 |a Dudáš-Pajerská, Erika, 1988- 
700 1 |a Vilamová, Šárka 
700 1 |a Csikósová, Adriana